Normal view
MARC view
- Bucki, Lira A Fulton, Jennifer Guildford, Ed
Entry Personal Name
001 - CONTROL NUMBER
- control field: 74591
003 - CONTROL NUMBER IDENTIFIER
- control field: NUST
005 - DATE AND TIME OF LATEST TRANSACTION
- control field: 20210628205242.0
008 - FIXED-LENGTH DATA ELEMENTS
- fixed length control field: 210628|| aca||aabn | a|a d
040 ## - CATALOGING SOURCE
- Original cataloging agency: NUST
- Transcribing agency: NUST
100 ## - HEADING--PERSONAL NAME
- Personal name: Bucki, Lira A Fulton, Jennifer Guildford, Ed
670 ## - SOURCE DATA FOUND
- Source citation: Work cat.: (NUST): Bucki, Lira A Fulton, Jennifer Guildford, Ed, The big basics the book of personal computers, 1998
